Encuentro Europeo de Escuelas Libres y Autónomas : II Congreso de Padres de Alumnos y Amigos de [la] Institución Familiar de Educación : conclusiones II Congreso de Padres de Alumnos y Amigos de [la] Institución Familiar de Educación :
Descripción Física:
27 p. ; 30 cm
Materias:
Educació -- Congressos
MARC
| LEADER | 00000nam a2200000Ia 4500 | ||
|---|---|---|---|
| 001 | 20989 | ||
| 003 | BGR | ||
| 005 | 20260324175800.0 | ||
| 008 | 160829s1977 xx 000 0 cat d | ||
| 080 | |a FU-24-22 | ||
| 245 | |a Encuentro Europeo de Escuelas Libres y Autónomas : |b II Congreso de Padres de Alumnos y Amigos de [la] Institución Familiar de Educación : |b conclusiones | ||
| 260 | |a Barcelona : |b Institución Familiar de Educación, |c 1977 | ||
| 300 | |a 27 p. ; |c 30 cm | ||
| 590 | |a Celebrat els dies 26 i 27 de març de 1977. | ||
| 590 | |a Inclou un recull de premsa. | ||
| 590 | |a Prové de G-500, exp. 10 | ||
| 650 | |a Educació |x Congressos |9 28709 | ||
| 710 | 2 | |a Institución Familiar de Educación |9 71071 | |
| 901 | |a Arxiu | ||
| 942 | |n 1 |2 udc |c MON | ||
| 952 | |0 0 |1 0 |4 0 |6 FU2422 |7 1 |9 50051 |a Arxiu |b Arxiu |d 2016-12-01 |l 0 |o FU-24-22 |p 20989 |r 2016-12-01 00:00:00 |w 2016-12-01 |y ARXIU | ||
| 999 | |c 53893 |d 53893 | ||